Plant molecular biology (Record no. 81967)
[ view plain ]
| 000 -LEADER | |
|---|---|
| fixed length control field | 00832nam a2200205 a 4500 |
| 008 - FIXED-LENGTH DATA ELEMENTS--GENERAL INFORMATION | |
| fixed length control field | 120416s1993 ||||||||||||||||| || u |
| 020 ## - INTERNATIONAL STANDARD BOOK NUMBER | |
| International Standard Book Number | 1872748155 |
| 050 ## - LIBRARY OF CONGRESS CALL NUMBER | |
| Classification number | QK 728 Pla |
| 100 ## - MAIN ENTRY--PERSONAL NAME | |
| Personal name | Croy, R. R. D |
| 245 10 - TITLE STATEMENT | |
| Title | Plant molecular biology |
| Statement of responsibility, etc. | edited by R. R. D. Croy |
| 246 ## - | |
| -- | labfax |
| 260 ## - PUBLICATION, DISTRIBUTION, ETC. | |
| Place of publication, distribution, etc. | Oxford |
| Name of publisher, distributor, etc. | Bios Scientific Pubs |
| Date of publication, distribution, etc. | 1993 |
| 300 ## - PHYSICAL DESCRIPTION | |
| Extent | xvi, 382p. : ill. |
| 350 ## - | |
| -- | 0.00 |
| 650 ## - SUBJECT ADDED ENTRY--TOPICAL TERM | |
| Topical term or geographic name entry element | PLANTS |
| 650 ## - SUBJECT ADDED ENTRY--TOPICAL TERM | |
| Topical term or geographic name entry element | PLANT MOLECULAR BIOLOGY |
| 650 #0 - SUBJECT ADDED ENTRY--TOPICAL TERM | |
| Topical term or geographic name entry element | BIOLOGY--PLANTS |
| 995 ## - | |
| -- | MAIN LIBRARY OPEN ACCESS |
| -- | 0.00 |
| -- | 731972 |
| -- | CBU-MAIN LIBRARY (Kitwe) |
| -- | 1 |
| -- | 33.95 |
| -- | QK 728 Pla |
| -- | 1 |
| -- | AVAILABLE |
| -- | Apr 26, 2006 |
| -- | 029421 |
| -- | Main Library Open Access Collection |
| 995 ## - | |
| -- | MAIN LIBRARY OPEN ACCESS |
| -- | 0.00 |
| -- | 731973 |
| -- | CBU-MAIN LIBRARY (Kitwe) |
| -- | 2 |
| -- | 33.95 |
| -- | QK 728 Pla |
| -- | 2 |
| -- | AVAILABLE |
| -- | May 3, 2007 |
| -- | 029420 |
| -- | Main Library Open Access Collection |
| 999 ## - | |
| -- | 81967 |
| -- | 81967 |
| Withdrawn status | Lost status | Source of classification or shelving scheme | Damaged status | Not for loan | Permanent Location | Current Location | Shelving location | Date acquired | Total Checkouts | Full call number | Barcode | Date last seen | Copy number | Price effective from | Koha item type |
|---|---|---|---|---|---|---|---|---|---|---|---|---|---|---|---|
| CBU-MAIN LIBRARY, KITWE. | CBU-MAIN LIBRARY, KITWE. | 09/12/2023 | QK 728 Pla | 029421 | 09/12/2023 | 1 | 09/12/2023 | MONOGRAPH | |||||||
| CBU-MAIN LIBRARY, KITWE. | CBU-MAIN LIBRARY, KITWE. | 09/12/2023 | QK 728 Pla | 029420 | 09/12/2023 | 2 | 09/12/2023 | MONOGRAPH |